1853 1732 1659 1920 1345 1073 1198 1005 1475 1192 1998 1367 1635 1888 1467 1535 1727 1999 1610 1265 1865 1121 1459 1817 1166 1695 1100 1256 1434 1587 1992 1221 1388 1104 1137 1954 1709 1064 1201 1102 1891 1531 1860 1726 1932 1194 1434 1641 1635 1821 1116 1775 1850 1993 1721 1418 1893 1602 1737 1044 1641 1591 1655 1899 1979 1062 1494 1920 1677 1394 1007 1008 1761 1651 1939 1166 1934 1655 1991 1879 1272 1064 1779 1109 1897 1854 1315 1803 1474 1575 1148 1993 1499 1672 1200 1459 1492 1239 1507 BCNSPRNW ULIB Ver.6.0+V

เปลี่ยนเป็นภาษาไทย

Change to English
 แสดงรายละเอียดบรรณานุกรม
  กลับหน้าหลัก

Brief Record : Get Marc (ISO 2709) : E-mail record : QR code < ปิดหน้าต่าง
LEADER : 00000nam 2200000uu 4500
001    13399125868
003     ULIB
008    020711s2560 th a 000 0 tha d
020    ^a9786164071315
060    ^aWH140^bน191D
100    ^aนภชาญ เอื้อประเสริฐ, จันทนา ผลประเสริฐ.
245    ^aDiagnostic Approach in Hematology Laboratory Interpretation and Clinical Correlation/^bนภชาญ เอื้อประเสริฐ, จันทนา ผลประเสริฐ.
250    พิมพ์ครั้งที่ ^a2
260    ^aกรุงเทพฯ :^bโรงพิมพ์แห่งจุฬาลงกรณ์มหาวิทยาลัย,^c2560
300    ^a402 หน้า;^c26 ซม.
650    ^aHematology
650  0 ^aDiagnostic Approach
945    ^p400^l0^i003269
945    ^p400^l0^i003270
945    ^p400^l0^i003271
999    ^aประนอม เกษจรัล
รายการนี้ยังไม่มีแท็ก
คุณยังไม่ได้ล็อกอิน คุณสามารถมีกิจกรรมร่วมกับเว็บไซต์ได้ แต่ต้องล็อกอินก่อน ::
  ล็อกอิน

รายการสื่อสารสนเทศ

ลำดับที่ ประเภท เลขเรียก/บาร์โค้ด สถานที่ สถานะ
1. วิทยาศาสตร์การแพทย์ และสุขภาพ
หนังสือสำรอง
สถานะ=หนังสือสำรอง
WH140 น191D ฉ.1 
  Barcode: 003269
ห้องสมุดวิทยาเขตสวรรค์ประชารักษ์
►หนังสือทั่วไป
บนชั้น
2. วิทยาศาสตร์การแพทย์ และสุขภาพ
วิทยาศาสตร์การแพทย์ และสุขภาพ
WH140 น191D ฉ.2 
  Barcode: 003270
ห้องสมุดวิทยาเขตสวรรค์ประชารักษ์
►หนังสือทั่วไป
บนชั้น
3. วิทยาศาสตร์การแพทย์ และสุขภาพ
วิทยาศาสตร์การแพทย์ และสุขภาพ
WH140 น191D ฉ.3 
  Barcode: 003271
ห้องสมุดวิทยาเขตสวรรค์ประชารักษ์
►หนังสือทั่วไป
บนชั้น

รายการใกล้เคียง
    หัวเรื่อง [Hematology]
    หัวเรื่อง [Diagnostic Approach]

BibComment


ยังไม่เคยถูกคอมเมนท์

คอมเมนท์ทรัพยากรรายการนี้
  คอมเมนท์: Diagnostic Appro..


 Copyright 2026. Bcnsprnw @Library